TOP 10 najsilniejszych czarodziejów ze świata Pottera - Statystyki

Ogólne statystyki
  • Ten quiz został rozwiązany 49 razy
  • Średni wynik to 4 z 10
Statystyki odpowiedzi
Miejsce Czarodziej % Poprawnych
1 Lord Voldemort
91%
2 Albus Dumbledore
86%
3 Severus Snape
79%
6 Minerva Mcgonagall
47%
8 Szalonooki Moody
37%
5 Bellatrix Lestrange
33%
7 Hermiona Granger
33%
4 Gellert Grindelwald
30%
9 Amelia Bones
7%
10 Antonin Dolohov
5%
Nie znaleziono quizów pasujących do podanych kryteriów
Rozkład punktacji
Procent ludzi z każdym wynikiem
Percentyl według liczby udzielonych odpowiedzi
Twoja historia wyników
Nie rozwiązałeś tego quizu